Dějiny v datech věda

Salvato in:
Dettagli Bibliografici
Autore principale: Ochoa, George
Altri autori: Corey, Melinda, Kovanda, Jaroslav
Natura: Libro
Lingua:ceco
Pubblicazione: Praha Knižní klub 2000
Soggetti:
Tags: Aggiungi Tag
Nessun Tag, puoi essere il primo ad aggiungerne!!

MARC

LEADER 00000nam$a2200000$$$4500
001 0067782
005 20221207102924.9
020 |a 80-242-0477-0 
020 |a 80-7281-049-9 
041 0 |a cze 
044 |a CZ 
245 1 0 |a Dějiny v datech  |b věda  |c George Ochoa, Melinda Corey ; translation Jaroslav Kovanda 
264 1 |a Praha  |b Knižní klub  |c 2000 
300 |a 362 s. 
610 2 0 |a veda 
610 2 0 |a dejiny 
610 2 0 |a svet 
610 2 0 |a história 
100 1 |a Ochoa, George 
700 1 |a Corey, Melinda 
700 1 |a Kovanda, Jaroslav